000 00403nam a2200169Ia 4500
008 230711s9999||||xx |||||||||||||| ||und||
020 _a978-81-317-0070-9
041 _aENG
082 _a4.22
_bMA-C
100 _aMano,M.Morris
245 0 _aComputer system Architecture
250 _a3rd Ed.
260 _c2007
_aNew Delhi
_bPearson
300 _a520
650 _aComputer Engineering
942 _cBK
999 _c1351
_d1351